| 000 | 00000nam##2200000za#4500 |
| 001 | 9.699816 |
| 003 | CaOODSP |
| 005 | 20210625000543 |
| 007 | cr ||||||||||| |
| 008 | 150407|1971||||xxc|||||o f|0| 0 eng|d |
| 040 | |aCaOODSP|beng |
| 043 | |an-cn--- |
| 086 | 1 |aZ1-1962/2-5E-PDF |
| 110 | 1 |aCanada. |bPrivy Council Office. |
| 245 | 10|aReport of the Royal Commission on Pilotage. Part V : |h[electronic resource]|bstudy of Canadian pilotage, Great Lakes system / |cHonourable Mr. Justice Yves Bernier, chairman. |
| 246 | 1 |aStudy of Canadian pilotage |
| 260 | |aOttawa - Ontario : |bPrivy Council Office |c1971. |
| 300 | |a165, 163, 81p.|bfig., graphs, tables |
| 500 | |aHistorical publication digitized in 2008 by Privy Council Office of Canada. |
| 520 | 3 |a"Part V concludes the Report of this Royal Commission. The framework of the full Report is outlined in the General Introduction, Part I, pp. xxv-vi. Part. I is a study of the present state of pilotage legislation in Canada and contains the Commission's Recommendations of a general character. Part V, like Parts II, III and IV, is complementary to Part I and should be read in conjunction with it but, at the same time, it is also a separate report. Part I, is a study of the general pilotage provisions contained in Part VI C .S.A. ; Part V studies in their circumstantial context the ad hoc provisions for pilotage, in the Great Lakes system which were introduced in 1960 as Part VIA C.S.A."--Introduction, p.15 of 409. |
| 590 | |a15-04-Supp|b2015-03-19 |
| 690 | 07|aCommissions of inquiry|2gcpds |
| 690 | 07|aPilotage|2gcpds |
| 775 | 08|tRapport de la Commission royale d'enquête sur le pilotage. Titre V |w(CaOODSP)9.643772 |
| 856 | 40|ahttp://publications.gc.ca|qPDF|s3.40 MB|uhttps://publications.gc.ca/collections/collection_2014/bcp-pco/Z1-1962-2-5-3-eng.pdf |
| 856 | 40|ahttp://publications.gc.ca|qPDF|s8.94 MB|uhttps://publications.gc.ca/collections/collection_2014/bcp-pco/Z1-1962-2-5-1-eng.pdf |
| 856 | 40|ahttp://publications.gc.ca|qPDF|s8.93 MB|uhttps://publications.gc.ca/collections/collection_2014/bcp-pco/Z1-1962-2-5-2-eng.pdf |